000 00324nam a2200133Ia 4500
008 231129s1960||||xx |||||||||||||| ||spa||
040 _bspa
082 _aR 443.61 M385d
100 _aMartinez Amador Emilio M.
245 0 _aDiccionario : frances - espaƱol
260 _c1960
264 _aRamon Sopena
942 _2ddc
_cBKS
999 _c9281
_d9281